| 000 | 01500nam a2200457 i 4500 | ||
|---|---|---|---|
| 001 | 7656 | ||
| 003 | KOSZ 005 | ||
| 005 | 20230209102011.0 | ||
| 008 | 070618s1973 pl a f |000 0 pol | ||
| 015 | _aUWD 1973/10621 | ||
| 035 | _a991034519569705066 | ||
| 035 | _a(PL-WaBN)b19230692-48omnis_nlop | ||
| 035 | _ab19230692 | ||
| 035 | _a(OCoLC)749408411 | ||
| 035 | _a(PL)b0000001923069 | ||
| 035 | _a(EXLNZ-48OMNIS_NETWORK)9910424415905606 | ||
| 040 |
_aWA N _cWA N _dKOSZ 005/HR |
||
| 046 | _k1973 | ||
| 080 | _a628.1 | ||
| 080 | _a628.3.034.2 | ||
| 080 | _a613.6 | ||
| 245 | 0 | 0 |
_aGospodarka wodna i ściekowa w zakładach przemysłowych : _bpraca zbiorowa / _c[aut. Adam Szynal et al. ; red. nauk. Mariusz Chudzicki]. |
| 260 |
_aWarszawa : _b"Arkady", _c1973. |
||
| 300 |
_a327, [1] s. : _bil. ; _c23 cm. |
||
| 336 |
_aTekst _btxt _2rdacontent |
||
| 337 |
_aBez urządzenia pośredniczącego _bn _2rdamedia |
||
| 338 |
_aWolumin _bnc _2rdacarrier |
||
| 380 | _aKsiążki | ||
| 388 | _a1901-2000 | ||
| 388 | _a1945-1989 | ||
| 504 | _aBibliogr. | ||
| 650 | 7 |
_aGospodarka wodna _2DBN |
|
| 650 | 7 |
_aŚcieki przemysłowe _2DBN |
|
| 658 | _aInżynieria i technika | ||
| 700 | 1 |
_aSzynal, Adam _eAutor |
|
| 710 | 2 |
_aWydawnictwo Arkady _4pbl |
|
| 700 | 1 |
_aChudzicki, Mariusz _eRedakcja |
|
| 856 |
_uhttp://koha.tu.koszalin.pl/cgi-bin/koha/opac-detail.pl?biblionumber=7656 _yKatalog online BPK |
||
| 942 |
_2UKD _cKS |
||
| 999 |
_c7656 _d7656 |
||